Guess the UFC Fighter by Nickname - Statistics

General Stats
  • This quiz has been taken 76 times
  • The average score is 30 of 55
Answer Stats
Nickname Fighter name % Correct
The notorious Connor Mcgregor
100%
do Bronx Charles Oliveira
93%
Bones Jon Jones
91%
Blessed Max Holloway
89%
The Last Stylebender Israel Adesanya
87%
Poatan Alex Pereira
85%
El Cucuy Tony Ferguson
85%
Rampage Quinton Jackson
84%
The Eagle Khabib Nurmagomedov
82%
The Spider Anderson Silva
80%
Mighty Mouse Demetrious Johnson
80%
The baddy Paddy Pimblet
80%
The Nigerian Nightmare Kamaru Usman
78%
Suga Sean O'malley
78%
Cowboy Donald Cerrone
76%
Chito Marlon Vera
75%
Rumble Anthony Johnson
67%
The Highlight Justin Gaethje
67%
The Great Alexander Volkanovski
65%
Rush George St-Pierre
65%
Wonderboy Stephen Thompson
65%
Gamebred Jorge Masvidal
64%
Soldier of God Yoel Romero
64%
The Iceman Chuck Liddell
62%
Venom Michael Page
62%
The Korean Zombie Chan Sung Jung
60%
Shogun Mauricio Rua
60%
No Love Cody Garbrandt
58%
Showtime Anthony Pettis
56%
The Predator Francis Ngannou/ Don Frye
56%
The Axe Murderer Wanderlei Silva
55%
Bon Gamin Ciryl Gane
53%
Remember the name Belal Muhammad
51%
Cro Cop Mirko Filipovic
49%
Money Renato Moicano
45%
Bam Bam Tai Tuivasa
44%
Sweet Dreams Jamahal Hill
40%
The American Gangster Chael Sonnen
38%
The Dragon Lyoto Machida
38%
No Mercy Petr Yan
36%
The California Kid Urijah Faber
36%
Chaos Colby Covington
35%
Ruthless Robbie Lawler
35%
The Dominator Dominick Cruz
31%
BigFoot Antonio Silva
27%
The Prodigy BJ Penn
27%
El Pantera Yair Rodriguez
27%
The Mauler Alexander Gustafsson
24%
Ataman Rafael Fiziev
20%
The Demolition Man Alistair Overeem
18%
The Last Emperor Fedor Emilianenko
16%
The Joker Jack Hermansson
16%
The Monster Kevin Randleman
16%
The Funky Ben Askren
15%
A-10 Jim Miller
13%
No matching quizzes found
Score Distribution
Percent of People with Each Score
Percentile by Number Answered
Your Score History
You have not taken this quiz